000 00589nam a22001817a 4500
003 DO-SdBNP
005 20211008110205.0
007 ta
008 210608b 2020 dr a 00| 0 eng d
040 _aDO-SdBNP
_bspa
_cBNPHU
082 4 _2BNPHU
100 1 _aCamogli Jiménez, José Manuel
_978766
245 1 0 _aGuía del camarero en el servicio :
_b restaurante de especialidad /
_cJosé Manuel Camogli Jiménez.
260 _aSantiago de los Caballeros, República Dominicana :
_bs.n.,
_c2020.
300 _a146 p. :
_bil. ;
_c28 cm.
590 _aInventariado, 2021 /LP
942 _2ddc
_cLBS1
999 _c49892
_d49892